DOCTRINA MARXISTA DEL INTERES GENERAL /

Gespeichert in:
Bibliographische Detailangaben
1. Verfasser: Antolin, Viktor (autor)
Format: Buch
Schriftenreihe:BIEN COMUN ; 4
Schlagworte:
Tags: Tag hinzufügen
Keine Tags, Fügen Sie das erste Tag hinzu!

MARC

LEADER 00000nam^a2200000^a^4500
001 000236625
005 20250521000000.0
009 20260310104900.024
035 |a 053359 
037 |a Acervo Xavier Clavigero 
082 |a 335. 43  |b ANT 
100 |a Antolin, Viktor  |e (autor) 
245 1 0 |a DOCTRINA MARXISTA DEL INTERES GENERAL /  |c VIKTOR ANTOLIN 
264 |a MADRID :  |b EURAMERICA,  |c 1956 
300 |a 64 p. 
336 |a texto  |b txt  |2 rdacontenido 
337 |a sin mediación  |b n  |2 rdamedio 
338 |a volumen  |b nc  |2 rdasoporte 
440 |a BIEN COMUN ;  |v 4 
649 |a XX 
650 |a Comunismo 
910 |a Fondo General 
920 |a Impresos - Libros 
930 |a Colección General 
905 |a 101 
901 |a 053359  |b IT1  |c ACC  |i 053359  |u 20250521 
902 |a https://opac.biblio.iteso.mx/vufind/Record/000236625